Best special forces in the world - Statistics

General Stats
  • This quiz has been taken 109 times
  • The average score is 5 of 15
Answer Stats
Rank Country Special Force % Correct
1 ๐Ÿ‡ฌ๐Ÿ‡ง SAS
91%
2 ๐Ÿ‡บ๐Ÿ‡ธ Navy Seals
76%
7 ๐Ÿ‡บ๐Ÿ‡ธ Delta Force
67%
9 ๐Ÿ‡ท๐Ÿ‡บ Spetsnaz
51%
5 ๐Ÿ‡ซ๐Ÿ‡ท GIGN
46%
10 ๐Ÿ‡บ๐Ÿ‡ธ Green Berets
33%
11 ๐Ÿ‡ต๐Ÿ‡ฑ JW Grom
31%
3 ๐Ÿ‡ท๐Ÿ‡บ Alpha Group
20%
12 ๐Ÿ‡ฉ๐Ÿ‡ช GSG 9
16%
4 ๐Ÿ‡ฎ๐Ÿ‡ฑ Sayeret Matkal
16%
6 ๐Ÿ‡ฎ๐Ÿ‡ณ Marcos
14%
13 ๐Ÿ‡ณ๐Ÿ‡ฑ Commando Corps
7%
8 ๐Ÿ‡ต๐Ÿ‡ฐ SSG
7%
14 ๐Ÿ‡จ๐Ÿ‡ณ Snow Leopard
1%
15 ๐Ÿ‡ช๐Ÿ‡ธ Special Naval Warfare Force
0%
No matching quizzes found
Score Distribution
Percent of People with Each Score
Percentile by Number Answered
Your Score History
You have not taken this quiz